Практикум по общей химической технологии: учебное пособие

書誌詳細
その他の著者: Мухленов И. П. Иван Петрович (редактор)
言語:ロシア語
出版事項: Москва, Высшая школа, 1973
版:2-е изд., испр. и доп.
主題:
フォーマット: 図書
KOHA link:https://koha.lib.tpu.ru/cgi-bin/koha/opac-detail.pl?biblionumber=318722

MARC

LEADER 00000nam0a2200000 4500
001 318722
005 20231101020530.0
035 |a (RuTPU)RU\TPU\book\344223 
035 |a RU\TPU\book\80315 
090 |a 318722 
100 |a 20160504d1973 m y0rusy50 ca 
101 0 |a rus 
102 |a RU 
105 |a a j 000zy 
200 1 |a Практикум по общей химической технологии  |e учебное пособие  |f под ред. И. П. Мухленова 
205 |a 2-е изд., испр. и доп. 
210 |a Москва  |c Высшая школа  |d 1973 
215 |a 424 с.  |c ил. 
320 |a Библиография в конце разделов 
610 1 |a химическая технология 
610 1 |a некаталитические процессы 
610 1 |a каталитические процессы 
610 1 |a ЭВМ 
610 1 |a электрохимические процессы 
610 1 |a сырье 
610 1 |a учебные пособия 
675 |a 66(076.5)  |v 4 
702 1 |a Мухленов  |b И. П.  |g Иван Петрович  |4 340 
801 1 |a RU  |b 63413507  |c 20050322  |g PSBO 
801 2 |a RU  |b 63413507  |c 20220520  |g PSBO 
942 |c BK